Los derechos sociales y su fundamentación en perspectiva de cambio constitucional
Enregistré dans:
| Auteurs principaux: | , |
|---|---|
| Collectivités auteurs: | , |
| Format: | Livre |
| Langue: | espagnol |
| Publié: |
Santiago
Editorial Triángulo
2016
|
| Édition: | 1a. ed |
| Sujets: | |
| Tags: |
Ajouter un tag
Pas de tags, Soyez le premier à ajouter un tag!
|
MARC
| LEADER | 00000cam a2200000 a 4500 | ||
|---|---|---|---|
| 001 | UCC0421 | ||
| 003 | CL-VaPUC | ||
| 008 | 170811e20160000cl |||||||||||||||||spa|d | ||
| 020 | |a 9789569539046 | ||
| 082 | 0 | 4 | |a 342.041 |b NOG |2 21 |
| 100 | |a Nogueira Alcalá, Humberto |e autor |9 876107 | ||
| 700 | 0 | |a Aguilar Cavallo, Gonzalo Javier |e author |9 594378 | |
| 110 | 2 | |a Universidad de Talca |e author |9 594379 | |
| 710 | 2 | |a Centro de Estudios Constitucionales de Chile |e author |9 594380 | |
| 245 | 1 | 4 | |a Los derechos sociales y su fundamentación en perspectiva de cambio constitucional |
| 250 | |a 1a. ed | ||
| 300 | |a 448 p | ||
| 942 | |c BK | ||
| 945 | |d 20170811 15:21:00 |a arojas | ||
| 260 | |a Santiago |b Editorial Triángulo |c 2016 | ||
| 650 | 0 | |a Derecho constitucional |9 222588 | |
| 650 | 0 | |a Constitución política |9 336925 | |
| 650 | 0 | |a Protección social |9 256186 | |
| 583 | |a last modification |c 20170811 15:21:00 |k Rodrigo Vera | ||
| 999 | |c 369264 |d 369262 | ||
| 952 | |0 0 |1 0 |3 erb |4 0 |6 342_041000000000000_NOG_2016 |7 0 |8 A |9 484906 |a BIBDER |b BIBDER |i 5413265 |l 3 |o 342.041 NOG 2016 |p 5413265 |r 2023-01-25 |s 2022-06-28 |w 2019-11-24 |y BK |z Catalogado en:20170811 |k DER | ||